Handbuch Wirtschaft und Religion: Deutschland im 19. und 20. Jahrhundert
Das Handbuch bietet eine interdisziplinäre, systematische und historische Perspektive auf die vielfältigen Zusammenhänge zwischen Religion und Wirtschaft. Die zentrale Frage lautet: Wie entwickelt sich das Verhältnis von Religion und Wirtschaft im historischen Zeitverlauf und insbesondere in der deu...
| Contributors: | ; ; |
|---|---|
| Format: | Electronic Book |
| Language: | German |
| Check availability: | HBZ Gateway |
| Interlibrary Loan: | Interlibrary Loan for the Fachinformationsdienste (Specialized Information Services in Germany) |
| Published: |
Berlin Boston
De Gruyter Oldenbourg
[2025]
|
| In: | Year: 2025 |
| Volumes / Articles: | Show volumes/articles. |
| Series/Journal: | Handbücher zur Wirtschaftsgeschichte
|
| Standardized Subjects / Keyword chains: | B
Deutschland (boat, 1866-1875)
/ Economy
/ Religion
/ History 1800-2000
|
| Further subjects: | B
Social History / HISTORY
B Collection of essays B religious enterprise B Economic History / BUSINESS & ECONOMICS B Europe / Germany / HISTORY B Business Ethics B Affluence (motif) B Moralische Ökonomie B Prosperity B RELIGION / Religion, Politics & State B Moral economy B Religiöse Unternehmen B Generals / HISTORY B Religion / History B Economic ethics |
| Online Access: |
Cover (Publisher) Volltext (kostenfrei) Volltext (kostenfrei) |
| Rights Information: | CC BY 4.0 |
MARC
| LEADER | 00000cam a2200000 c 4500 | ||
|---|---|---|---|
| 001 | 1930504713 | ||
| 003 | DE-627 | ||
| 005 | 20260123095000.0 | ||
| 007 | cr uuu---uuuuu | ||
| 008 | 250715s2025 gw |||||o 00| ||ger c | ||
| 010 | |a 2025936055 | ||
| 020 | |a 9783110982152 |c PDF |9 978-3-11-098215-2 | ||
| 020 | |a 9783110982374 |c EPUB |9 978-3-11-098237-4 | ||
| 035 | |a (DE-627)1930504713 | ||
| 035 | |a (DE-599)KEP116904542 | ||
| 035 | |a (DE-B1597)628002 | ||
| 035 | |a (DE-627-1)116904542 | ||
| 035 | |a (DE-B1597)BR1169839 | ||
| 040 | |a DE-627 |b ger |c DE-627 |e rda | ||
| 041 | |a ger | ||
| 044 | |c XA-DE |c XD-US | ||
| 072 | 7 | |a HIS 000000 |2 bisacsh | |
| 072 | 7 | |a HIS 014000 |2 bisacsh | |
| 072 | 7 | |a HIS 054000 |2 bisacsh | |
| 072 | 7 | |a REL 084000 |2 bisacsh | |
| 072 | 7 | |a BUS 023000 |2 bisacsh | |
| 072 | 7 | |a REL 033000 |2 bisacsh | |
| 082 | 0 | 4 | |a 943 |
| 084 | |a 0 |2 ssgn | ||
| 245 | 0 | 0 | |a Handbuch Wirtschaft und Religion |b Deutschland im 19. und 20. Jahrhundert |c herausgegeben von Martin Lutz, Maren Freudenberg, Moritz Hinsch |
| 264 | 1 | |a Berlin |a Boston |b De Gruyter Oldenbourg |c [2025] | |
| 264 | 4 | |c © 2025 | |
| 300 | |a 1 Online-Ressource (VII, 700 Seiten) |b Illustrationen, Diagramme | ||
| 336 | |a Text |b txt |2 rdacontent | ||
| 337 | |a Computermedien |b c |2 rdamedia | ||
| 338 | |a Online-Ressource |b cr |2 rdacarrier | ||
| 490 | 0 | |a Handbücher zur Wirtschaftsgeschichte | |
| 500 | |a Enthält Literaturangaben und ein Register | ||
| 506 | 0 | |a Open Access |e Controlled Vocabulary for Access Rights |u https://purl.org/coar/access_right/c_abf2 |f unrestricted online access |2 coarar | |
| 520 | |a Das Handbuch bietet eine interdisziplinäre, systematische und historische Perspektive auf die vielfältigen Zusammenhänge zwischen Religion und Wirtschaft. Die zentrale Frage lautet: Wie entwickelt sich das Verhältnis von Religion und Wirtschaft im historischen Zeitverlauf und insbesondere in der deutschen Gesellschaft seit dem 19. Jahrhundert? | ||
| 520 | |a Die deutschen Entwicklungen werden epochenübergreifend eingeordnet, um die langen Linien des Wechselverhältnisses von Religion und Wirtschaft nachzuzeichnen. Das Handbuch ist problemorientiert angelegt: Es stellt den Forschungsstand dar und benennt zugleich Desiderate und aussichtsreiche Felder zukünftiger Forschung. Es greift große Narrative wie die Säkularisierungstheorie kritisch auf und führt die Diskussion dabei über Klassiker wie Max Weber hinaus. 29 ausgewiesene Expertinnen und Experten erörtern aktuelle Themen wie die Migrationsgesellschaft und präsentieren neue Paradigmen wie Religionsökonomie und Verhaltensökonomik. | ||
| 520 | |a Fünf thematisch gegliederte Abschnitte bieten einen zielgerichteten Überblick über Ideengeschichte, Theorien, Methoden, religiöse Traditionen und zentrale Themenbereiche. Aus verschiedenen Perspektiven zeigt sich: Auch in der modernen Gesellschaft bleiben Religion und Wirtschaft eng miteinander verwoben und beeinflussen sich gegenseitig. | ||
| 540 | |a Namensnennung 4.0 International |f CC BY 4.0 |2 cc |u https://creativecommons.org/licenses/by/4.0/ | ||
| 546 | |a Anmerkungen zur Barrierefreiheit: The accessibility of this resources in unknown or unassessed. | ||
| 601 | |a Handbuch | ||
| 650 | 4 | |a HISTORY / General | |
| 650 | 4 | |a HISTORY / Europe / Germany | |
| 650 | 4 | |a HISTORY / Social History | |
| 650 | 4 | |a RELIGION / Religion, Politics & State | |
| 650 | 4 | |a Business Ethics | |
| 650 | 4 | |a religious enterprise | |
| 650 | 4 | |a Prosperity | |
| 650 | 4 | |a Moral economy | |
| 650 | 4 | |a Business Ethics | |
| 650 | 4 | |a religious enterprise | |
| 650 | 4 | |a Prosperity | |
| 650 | 4 | |a Moral economy | |
| 650 | 4 | |a BUSINESS & ECONOMICS / Economic History | |
| 650 | 4 | |a Religion / History | |
| 650 | 4 | |a Wirtschaftsethik | |
| 650 | 4 | |a Religiöse Unternehmen | |
| 650 | 4 | |a Wohlstand | |
| 650 | 4 | |a Moralische Ökonomie | |
| 655 | 7 | |a Aufsatzsammlung |0 (DE-588)4143413-4 |0 (DE-627)105605727 |0 (DE-576)209726091 |2 gnd-content | |
| 689 | 0 | 0 | |d g |0 (DE-588)4011882-4 |0 (DE-627)104704861 |0 (DE-576)208896155 |2 gnd |a Deutschland |
| 689 | 0 | 1 | |d s |0 (DE-588)4066399-1 |0 (DE-627)104346884 |0 (DE-576)209164522 |2 gnd |a Wirtschaft |
| 689 | 0 | 2 | |d s |0 (DE-588)4049396-9 |0 (DE-627)106187155 |0 (DE-576)209081880 |2 gnd |a Religion |
| 689 | 0 | 3 | |q z |2 gnd |a Geschichte 1800-2000 |
| 689 | 0 | |5 (DE-627) | |
| 700 | 1 | |e HerausgeberIn |0 (DE-588)133527735 |0 (DE-627)547218796 |0 (DE-576)293821216 |4 edt |a Lutz, Martin | |
| 700 | 1 | |e HerausgeberIn |0 (DE-588)1116289679 |0 (DE-627)870237349 |0 (DE-576)478245602 |4 edt |a Freudenberg, Maren | |
| 700 | 1 | |e HerausgeberIn |0 (DE-588)1226701515 |0 (DE-627)174773957X |4 edt |a Hinsch, Moritz | |
| 776 | 1 | |z 9783110995725 | |
| 856 | 4 | 0 | |u https://www.degruyterbrill.com/isbn/9783110982152 |m X:GRUY |x Verlag |z kostenfrei |7 0 |
| 856 | 4 | 0 | |u https://doi.org/10.1515/9783110982152 |x Resolving-System |z kostenfrei |7 0 |
| 856 | 4 | 2 | |u https://www.degruyterbrill.com/document/cover/isbn/9783110982152/original |m X:GRUY |x Verlag |3 Cover |7 1 |
| 912 | |a GBV-deGruyter-alles | ||
| 912 | |a ZDB-23-GOA | ||
| 951 | |a BO | ||
| ACO | |a 1 | ||
| ELC | |a 1 | ||
| OAS | |a 1 | ||
| ORI | |a SA-MARC-ixtheo_oa001.raw | ||
| REF | |a Religionsgeschichte,Wirtschaftsgeschichte | ||
| REL | |a 1 | ||
| SPR | |a 1 |t IXT |t REL | ||
| STA | 0 | 0 | |a Affluence (motif),Affluence,Prosperity,Wealth,Deutschland (boat, 1866-1875),Germany,Germany,Germany,Germany,German Federal Republic (motif),Germany,Germany,Germany,Germany,Germany,Germany,German Democratic Republic,Germany,Federal Republic of Germany,Germany,Germany,Germany,Soviet Occupation Zone,French Occupation Zone,Economic ethics,Economic ethics,Economy,Economy,Economic life,Religion,Religion in literature,Religions,Religion |
| STB | 0 | 0 | |a Deutschland (bateau, 1866-1875),Allemagne,Allemagne,République fédérale d'Allemagne (motif),Prospérité (motif),Richesse,Prospérité,Prospérité,Religion,Religions,Religion,Économie,Économie,Éthique économique,Éthique économique |
| STC | 0 | 0 | |a Alemania,Alemania,Economía,Economía,Prosperidad,Religión,Religión,Religión,Ética económica,Ética económica |
| STD | 0 | 0 | |a Benessere economico,Economia,Economia,Etica economica,Etica economica,Germania,Germania,Religione,Religione,Religione |
| STE | 0 | 0 | |a 宗教,宗教,富裕,德国,德国,经济,经济伦理,经济伦理 |
| STF | 0 | 0 | |a 宗教,宗教,富裕,德國,德國,經濟,經濟倫理,經濟倫理 |
| STG | 0 | 0 | |a Alemanha,Alemanha,Economia,Economia,Prosperidade,Religião,Religião,Ética econômica,Ética econômica |
| STH | 0 | 0 | |a Германия (ГДР, мотив),Германия (мотив),Процветание,Религия,Религия (мотив),Экономика (мотив),Экономика,Экономическая этика (мотив),Экономическая этика |
| STI | 0 | 0 | |a Γερμανία (ΛΔΓ, μοτίβο),Γερμανία (μοτίβο),Ευμάρεια,Οικονομική ευημερία,Θρησκεία,Θρησκεία (μοτίβο),Οικονομία (μοτίβο),Οικονομία,Οικονομική ηθική (μοτίβο),Οικονομική ηθική |
| SUB | |a REL | ||
| SYE | 0 | 0 | |a Wirtschaft - Wirtschaftsethik,Economic ethics,Wirtschaftsmoral,Wirtschaft |
| SYG | 0 | 0 | |a DDR,Deutsche Demokratische Republik,Germany,Amerikanische Zone Deutschlands,BRD,Britische Zone Deutschlands,Bundesrepublik Deutschland,Französische Zone Deutschlands,Vereinigtes Wirtschaftsgebiet Deutschlands,BRD,Bundesrepublik Deutschland , Vereinigtes Wirtschaftsgebiet,Bizone,Verwaltung des Vereinigten Wirtschaftsgebietes,Französische Zone,Zone Française d'Occupation,Französische Besatzungszone,ZFO,Britische Zone,British occupation zone,Britische Besatzungszone,British Zone of Control,Britisches Kontrollgebiet,British Element,Britisches Element,Sowjetische Zone,Russische Zone,Sowjetische Besatzungszone,Russische Besatzungszone,Sowjetische Besatzungszone Deutschlands,Sowjetische Besatzungszone in Deutschland,Sowjetisch Besetzte Zone,Sowjetzone,Ostzone,SBZ,Länder,Westliche Bundesländer,Alte Bundesländer,Deutschland,Westdeutschland,Deutschland,Westzonen,Westliche Besatzungszonen,Trizone,Amerikanische Zone,American occupation zone,Amerikanische Besatzungszone,ABZ,United States Area of Control,Amerikanisches Kontrollgebiet,U.S. zone of occupation,United States Zone,U.S. Zone,US-Zone,Östliche Bundesländer,Neue Bundesländer,Länder,Deutschland,Ostdeutschland,Deutschland,Deutschland,Alemanha,Alemania,Allemagne,Almanija,Almāniyā,Bondsrepubliek Duitsland,BRD,BRD,Bundesrepublik Deutschland,Deutschland,Deutschland,Federal Republic of Germany,Förbundsrepubliken Tyskland,Förbundsrepublikken Tyskland,FRG,Germany,Németországi Szövetségi Kőztársaság,Niemiecka Republika Federalna Niemiecka Republika Federalna,NRF,Repubblica Federale di Germania,Republic of Germany,República Federal da Alemanha,República Federal de Alemania,Republik Federasi Djerman,Republika Federalna Niemiec,République Fédérale d'Allemagne,RFN,Saksan Liittotasavalta,Westdeutschland,Deutsche Demokratische Republik,DDR,Deutschland,German Democratic Republic,GDR,République Démocratique Allemande,RDA,Germanskaja Demokratičeskaja Respublika,Demokratičeskaja Respublika,Democratic Republic,Demokratische Republik,Niemiecka Republika Demokratyczna,NRD,Ǧumhūrīyat Almāniyā ad-Dīmuqrāṭīya,República Democrática Alemana,Saksan Demokraattisen Tasavallan,Repubblica Democratica Tedesca,Mitteldeutschland,Ostdeutschland,East Germany,Ostzone,Deutsche Länder,Germany,Heiliges Römisches Reich,Rheinbund,Deutscher Bund,Norddeutscher Bund,Deutsches Reich,Deutschland,Deutschland,BRD,Federal Republic of Germany,Republic of Germany,Allemagne,Ǧumhūrīyat Almāniyā al-Ittiḥādīya,Bundesrepublik Deutschland,BRD,Niemcy,République Fédérale d'Allemagne,Repubblica Federale di Germania,Germanija,Federativnaja Respublika Germanija,FRG,Deyizhi-Lianbang-Gongheguo , Wirtschaftsleben,Ökonomie , Religion,Mystik,Mythologie |
| TIM | |a 100018000101_100020001231 |b Geschichte 1800-2000 | ||



